000 00693nam a2200205 a 4500
001 000016337
005 20200929164359.0
008 100303s1980 dr 000 0 spa d
040 _aDO-SdBNP
_bspa
_cBNPHU
082 _axxx
_bD186i
100 1 _aDanin Lobo, Luis Carlos
_922286
245 1 0 _aIntroducción al estudio de organización y métodos /
_cLuis Carlos Danin Lobo.
250 _a2a ed.
260 _aSanto Domingo :
_bOficina Nacional de Administración y Personal,
_c1980.
300 _a93 p. ;
_c24 cm.
490 1 _aEstudios Administrativos
_vno. 2
504 _aIncluye referencias bibliográficas ( p. 86-93)
830 0 _aEstudios Administrativos
_n2
_922287
049 _aBNPD
999 _c15872
_d15872